00333nam a2200121Ia 4500003000400000008004100004040001600045082001800061245005100079260006500130300001100195490000500206GCL140319s9999 xx 000 0 ara d aGCL / cGCL04a892.76bن ج10aبين القصرين (بالبرتغالية) a[S.N] : bالجامعة الامريكية بالقاهرة a508 ص a